Регионална библиотека "Любен Каравелов" - Русе

Полное собрание сочинений Шиллера в переводе русских писателей (Запис номер 390371)

MARC детайли
000 -Лидер
Контролно поле с фиксирана дължина nam a22 a 4500
003 - Код на организацията, давaща контролен номер
Контролно поле BLK
005 - Дата и час на последна редакция
Контролно поле 20201020145739.0
008 - Елементи от данни с фиксирана дължина
fixed length control field 180412b bul|||||r ||||||| ||bul||
010 ## - Наследен системен номер
LC control number KNG00008573000
040 ## - Източник на каталожния запис
Идентификатор на билиотеката - собственик на записа BLK
041 ## - Код за език
Код за езика на текст/звукозапис или на отделно заглавие Руски
Код за езика КДБФ Руски
072 #7 - Код за тематичната категория
Код организация bullib
Код за тематична категория Ц
Текст Редки и ценни
080 ## - УДК
Текстов определител УДК Немска литература
УДК код - определител по УДК 821.112.2
УДК определител (081)
УДК - код + определител 821.112.2(081)
100 ## - Редна дума - Автор
Автор Шиллер, Иоганн Фридрих
Авторска отговорност първи автор
R(LIN) 435412
139 ## - Редно поле
Редна дума Шиллер, Иоганн Фридрих
245 10 - Сведения за заглавието
Заглавие Полное собрание сочинений Шиллера в переводе русских писателей
Подзаглавни данни Перепеч. 5-го изд. Н.В. Гербеля. Т. 1-3
Редно поле (дума) И. Шиллер
Том Т. 3
250 ## - Област на изданието
Сведения за изданието 6. изд.
260 ## - Област на издателските данни
Година на издаване 1884
Място на издаване, разпространение и проч. Санкт-Петербург
300 ## - Физическа характеристика
Размери/Мащаб 25 см
Страници 500 с.
380 ## - Жанр
Жанр Худож. лит.
490 ## - СЕРИИ (Колекции)
9 (RLIN) 435080
Име на серия Колекция Редки и ценни издания
760 1# - Описание на основната серия
Редна дума на основното описание Шиллер, Иоганн Фридрих
Издание 6. изд.
Място на издаване, издател и година 1884
Страници - том 500 с., 24 см
Заглавие Т. 3
852 ## - Местоположение
Форматна сигнатура Рр 883
Фондова буква Редки и ценни
856 4# - Електронен адрес и достъп
Електронен формат pdf - файл
Път до файла /url/
999 ## - СИСТЕМНИ КОНТРОЛНИ НОМЕРА
Koha biblionumber 390371
Koha biblioitemnumber 390371
942 ## - АРТИКУЛИ
Вид на библиотечния материал Книги
Скрит в OPAC Не
Периодичен библиозапис Да
944 ## - СЪЗДАВАНЕ И РЕДАКЦИЯ на ЗАПИСА
Създаване/Редакция Създаване
Дата на регистрацията/редакция 2020-10-20
Служител, извършил регистрацията/редакцията Ренета Константинова
999 ## - СИСТЕМНИ КОНТРОЛНИ НОМЕРА
Koha biblioitemnumber 390370
Наличности
Код за отписване Код за изгубен артикул Източник на класификационната схема Код за повреда Коз за рестрикции Код за отдаване Артикулен № Име на библиотеката - собственик Име на библиотеката, в която се намира в момента Статус (Текущо местоположение) Дата на вписване в системата Местоположение - отдел Цена в лева Инвентарен номер Систематично азбучна сигнатура Баркод Цена в евро Служебен тип на артикула
  Не е изгубен Universal Decimal Classification Не е повреден само за читалня Специални фондове ( старопечатни, редки и ценни, фонд М. Арнаудов) 803790 Регионална библиотека "Любен Каравелов" Русе Регионална библиотека "Любен Каравелов" Русе Редки и ценни 2020-10-22 Редки и ценни 0.33 686-ІІІ Рр 884 900000036733 0.17 Книги
Vip Innovations Ltd, Rousse, Bulgaria 2025